Europäische Rennstrecken - Statistiken

Allgemein
  • Dieses Quiz wurde 99 mal gespielt
  • Das Durchschnittsergebnis liegt bei 10 aus 14
Antwortstatistiken
Antwort % Korrekt
Nürburgring | Hockenheimring | Oschersleben | Norisring + 2 andere
100%
Circuit de Monaco
98%
Spa Francorchamps | Circuit Zolder
97%
Mugello | Imola | Monza | Misano + 5 andere
93%
Silverstone | Brands Hatch | Donington | Snetterton + 5 andere
92%
Red Bull Ring | Salzburgring
91%
Barcelona-Catalunya | Jerez | Aragón | Valencia + 2 andere
87%
Circuit Zandvoort | TT Circuit Assen
82%
Paul Ricard | Nevers Magny-Cours | Le Mans | Lédenon + 5 andere
66%
Hungaroring | Balaton Park
62%
Estoril | Portimão | Vila Real
58%
Igora Drive | Moscow Raceway | Sochi Autodrom
52%
Brno Circuit | Autodrom Most
33%
Slovakia Ring
8%
Keine übereinstimmenden Quizze gefunden
Verteilung der Resultate
Anzahl Personen mit jedem Resultat
Perzentil nach korrekt beantworteten Fragen
Ihre Resultats-Entwicklung
Sie haben dieses Quiz noch nicht gespielt